<Die> Einlagensicherung als Element des europäischen Finanzmarktes.

Doterajšie systémy zaistenia bezpečnosti vkladov. Smernica ES o zaistení vkladov z r. 1986, ktorá nie je pre banky záväzná a návrh novej smernice v r. 1992. Charakteristika návrhu smernice, minimálna poistená suma, rozsah náhrady škody... Ochrana vkladateľa. Novela zákona o úveroch. Kritika smernice...

ver descrição completa

Na minha lista:
Detalhes bibliográficos
Autor principal: Grundmann, W.
Formato: Capítulo de Livro
Idioma:alemão
Assuntos:
Tags: Adicionar Tag
Sem tags, seja o primeiro a adicionar uma tag!

MARC

LEADER 00000naa a2200000 4500
001 r013631
005 20221205080834.5
041 0 |a ger 
044 |a DE 
245 1 0 |a <Die> Einlagensicherung als Element des europäischen Finanzmarktes.  |c W. Grundmann 
520 |a Doterajšie systémy zaistenia bezpečnosti vkladov. Smernica ES o zaistení vkladov z r. 1986, ktorá nie je pre banky záväzná a návrh novej smernice v r. 1992. Charakteristika návrhu smernice, minimálna poistená suma, rozsah náhrady škody... Ochrana vkladateľa. Novela zákona o úveroch. Kritika smernice ES z hľadiska Nemecka. 
610 2 0 |a vklady 
610 2 0 |a trh finančný 
610 2 0 |a smernice 
610 2 0 |a Európske spoločenstvá 
610 2 0 |a 1992 
610 2 0 |a Nemecko 
610 2 0 |a zákony 
610 2 0 |a úver 
100 1 |a Grundmann, W.